000 00839nam a2200241Ia 4500
005 20240530102914.0
008 140319s1985 xx 000 0 ara d
040 _aGCL /
_cGCL
082 0 4 _a531.6 /
_bم ط
100 1 _aعدنان طه
245 1 0 _aالطاقة النووية العربية عامل بقاء جديد /
_cتاليف عدنان مصطفى
250 _aالثانية
260 _aبيروت :
_bمركز دراسات الوحدة العربية،
_c1985
300 _a156 ص؛
_c24 سم
650 0 4 _aالعالم العربى
650 0 4 _aالطاقة النووية
650 0 4 _aمصادر الطاقة
650 0 4 _aالوقود النووى
650 0 4 _aاليورانيوم
650 0 4 _aالهندسة النووية
942 _2ddc
_cBK
999 _c35277
_d35277